000 00294nam a2200121Ia 4500
008 231129s9999||||xx |||||||||||||| ||spa||
040 _bspa
082 _a189.5 A282m
100 _aAgustin San
245 0 _aMeditaciones; soliloquios; manual; suspiros
264 _aAguilar
942 _2ddc
_cBKS
999 _c20886
_d20886